Diagnózy slovenského turizmu

Problémy v cestovnom ruchu Slovenskej republiky - nekomplexnosť ponuky cestovného ruchu, nedostatočná spolupráca súkromného sektora so samosprávami obcí a inštitúciami verejného sektora. Fluktuácia pracovných síl. Relatívne nízka úroveň poskytovaných služieb. Nedostatočne vzdelaný personál. Vysoká d...

ver descrição completa

Na minha lista:
Detalhes bibliográficos
Autor principal: Hudecová-Podhorná, Soňa
Formato: Capítulo de Livro
Idioma:eslovaco
Assuntos:
Tags: Adicionar Tag
Sem tags, seja o primeiro a adicionar uma tag!

MARC

LEADER 00000naa$a2200000$$$4500
001 0098543
005 20231011125331.1
041 0 |a slo 
044 |a SK 
245 1 0 |a Diagnózy slovenského turizmu  |c Soňa Hudecová - Podhorná 
520 |a Problémy v cestovnom ruchu Slovenskej republiky - nekomplexnosť ponuky cestovného ruchu, nedostatočná spolupráca súkromného sektora so samosprávami obcí a inštitúciami verejného sektora. Fluktuácia pracovných síl. Relatívne nízka úroveň poskytovaných služieb. Nedostatočne vzdelaný personál. Vysoká daň z pridanej hodnoty a vysoké odvody z miezd. 
610 2 0 |a ruch cestovný 
610 2 0 |a turistika 
610 2 0 |a služby 
610 2 0 |a kvalita 
610 2 0 |a personál 
610 2 0 |a kvalifikácia 
610 2 0 |a dane 
610 2 0 |a odvody 
100 1 |a Hudecová-Podhorná, Soňa